Tallest Buildings In The World - Statistics

General Stats
  • This quiz has been taken 12 times
  • The average score is 2 of 14
Answer Stats
Flag Country Building % Correct
๐Ÿ‡ฆ๐Ÿ‡ช United Arab Emirates Burj Khalifa
90%
๐Ÿ‡ฏ๐Ÿ‡ต Japan Tokyo Skytree
30%
๐Ÿ‡ฎ๐Ÿ‡ฑ Israel Dimona Radar Facility
10%
๐Ÿ‡บ๐Ÿ‡ฆ Ukraine Kiev TV tower
10%
๐Ÿ‡ฒ๐Ÿ‡พ Malaysia Petronas twin towers
10%
๐Ÿ‡บ๐Ÿ‡ธ United States Oil Platform Petronius
10%
๐Ÿ‡บ๐Ÿ‡ธ United States Wills Tower
10%
๐Ÿ‡ธ๐Ÿ‡ฆ Saudi Arabia Abraj Al Bait Towers
0%
๐Ÿ‡บ๐Ÿ‡ธ United States Oil Platform Bullwinkle
0%
๐Ÿ‡จ๐Ÿ‡ณ China Canton Tower
0%
๐Ÿ‡ฐ๐Ÿ‡ฟ Kazakhstan Ekibastuz GRES-2 Power Station
0%
๐Ÿ‡บ๐Ÿ‡ธ United States KVLY-TV mast
0%
๐Ÿ‡บ๐Ÿ‡ธ United States Lualualei VLF Transmitter
0%
๐Ÿ‡ณ๐Ÿ‡ด Norway Troll A Platform
0%
No matching quizzes found
Score Distribution
Percent of People with Each Score
Percentile by Number Answered
Your Score History
You have not taken this quiz